[Event "Koblenz-ch"]
[Site "Koblenz"]
[Date "2004.11.16"]
[Round "7"]
[White "Kuberkiewicz, Frank"]
[Black "Sturm, Sebastian"]
[Result "0-1"]
[WhiteElo "1448"]
[BlackElo "1742"]
[PlyCount "104"]
[EventDate "2004.09.21"]
[EventType "swiss"]
[EventRounds "7"]
[EventCountry "GER"]
[SourceTitle "EXT 2005"]
[Source "ChessBase"]
[SourceDate "2004.11.15"]
[SourceVersion "1"]
[SourceVersionDate "2004.11.15"]
[SourceQuality "1"]

1. Nf3 f5 2. d4 Nf6 3. Nbd2 e6 4. g3 Be7 5. Bg2 0-0 6. 0-0 d5 7. Ne5 Nbd7 8. Ndf3 Ne4 9. c4 c6 10. cxd5 exd5 11. Nxd7 Bxd7 12. Ne5 Be6 13. f3 Ng5 14. Qb3 Rb8 15. Bxg5 Bxg5 16. e4 f4 17. g4 Qe7 18. exd5 Bxd5 19. Qc3 Qc7 20. Rfe1 Rbd8 21. a4 a5 22. Re2 Be7 23. Rd1 Bb4 24. Qc2 Qb6 25. Nc4 Qa6 26. b3 Rf7 27. Re5 Rfd7 28. Rf5 Bxc4 29. Qxc4+ Qxc4 30. bxc4 Rxd4 31. Rxd4 Rxd4 32. Bf1 g6 33. Re5 Rd2 34. Re2 Rxe2 35. Bxe2 Kf7 36. h4 Ke6 37. Bd3 Ke5 38. Kf1 Kd4 39. Ke2 Kc3 40. h5 gxh5 41. gxh5 h6 42. Bf5 Kxc4 43. Bc8 b5 44. axb5 cxb5 45. Kd1 Kb3 46. Kc1 Bc3 47. Be6+ Ka3 48. Kc2 Bf6 49. Bd7 b4 50. Be6 a4 51. Bd7 b3+ 52. Kb1 Kb4 0-1

[Event "Koblenz-ch"]
[Site "Koblenz"]
[Date "2004.11.09"]
[Round "6"]
[White "Kuberkiewicz, Frank"]
[Black "Hastrich, Julian"]
[Result "1/2-1/2"]
[WhiteElo "1448"]
[BlackElo "1757"]
[PlyCount "97"]
[EventDate "2004.09.21"]
[EventType "swiss"]
[EventRounds "7"]
[EventCountry "GER"]
[SourceTitle "EXT 2005"]
[Source "ChessBase"]
[SourceDate "2004.11.15"]
[SourceVersion "1"]
[SourceVersionDate "2004.11.15"]
[SourceQuality "1"]

1. Nf3 Nf6 2. g3 d5 3. d4 Bf5 4. Bg2 e6 5. Nbd2 Bd6 6. 0-0 0-0 7. c4 c6 8. c5 Bc7 9. b4 Nbd7 10. Bb2 Re8 11. Nh4 Bg6 12. Nxg6 hxg6 13. f4 Ng4 14. Qb3 g5 15. Qf3 Nh6 16. e3 g4 17. Qe2 f5 18. h4 gxh3 19. Bxh3 Nf6 20. Nf3 Ne4 21. Kg2 g5 22. fxg5 Nxg5 23. Rh1 Ne4 24. Ne5 Bxe5 25. dxe5 Qg5 26. Qf3 Re7 27. Rag1 Rg7 28. Kh2 Nd2 29. Qe2 Nc4 30. Bd4 Re8 31. Rg2 Ng4+ 32. Bxg4 fxg4 33. Kg1 Nxe5 34. Bxe5 Qxe5 35. Rh4 Kf7 36. Rxg4 Rxg4 37. Rf2+ Ke7 38. Qxg4 Kd7 39. Qf4 Qxf4 40. Rxf4 e5 41. Rf6 Ke7 42. Rh6 Rg8 43. Kf2 Rg7 44. Kf3 Rf7+ 45. Ke2 e4 46. a4 a6 47. Rh8 Rf8 48. Rh7+ Rf7 49. Rh8 1/2-1/2

[Event "Koblenz-ch"]
[Site "Koblenz"]
[Date "2004.10.19"]
[Round "4"]
[White "Kuberkiewicz, Frank"]
[Black "Kostbar, Karsten"]
[Result "0-1"]
[WhiteElo "1448"]
[BlackElo "1886"]
[PlyCount "132"]
[EventDate "2004.09.21"]
[EventType "swiss"]
[EventRounds "7"]
[EventCountry "GER"]
[SourceTitle "EXT 2005"]
[Source "ChessBase"]
[SourceDate "2004.11.15"]
[SourceVersion "1"]
[SourceVersionDate "2004.11.15"]
[SourceQuality "1"]

1. Nf3 Nf6 2. g3 b6 3. Bg2 Bb7 4. d4 e6 5. Nbd2 d5 6. 0-0 Be7 7. Re1 0-0 8. Ne5 Nbd7 9. Ndf3 c5 10. c3 Rc8 11. Bg5 h6 12. Bxf6 Bxf6 13. Nxd7 Qxd7 14. e3 b5 15. b4 cxb4 16. cxb4 Qd6 17. Qd2 Rc4 18. a3 Rfc8 19. Rec1 Qc6 20. Rxc4 Qxc4 21. Bf1 Qc6 22. Ne1 e5 23. Nf3 e4 24. Ne1 a6 25. Ra2 Be7 26. Rc2 Qb6 27. Rxc8+ Bxc8 28. Qc3 Be6 29. Ng2 g5 30. Be2 f5 31. f4 Bd6 32. Bd1 Kf7 33. Kf2 Ke7 34. Ke2 Qb7 35. Kf2 Kd7 36. Ke2 a5 37. Ne1 axb4 38. axb4 Qa6 39. Bb3 Qa3 40. Nc2 Qc1 41. Qa1 Qxa1 42. Nxa1 Bxb4 43. Nc2 Bc3 44. Na3 Kc6 45. Nc2 Bf7 46. Na3 Kb6 47. Nc2 Ka5 48. Kd1 b4 49. Ke2 Kb5 50. Kd1 Bh5+ 51. Kc1 Kc6 52. Ba4+ Kd6 53. Bb3 Be2 54. Ba4 Bc4 55. Kd1 Ke6 56. Be8 Ba2 57. Bb5 b3 58. Ba4 bxc2+ 59. Bxc2 Bc4 60. Ba4 Bb4 61. Bc6 gxf4 62. gxf4 Be7 63. Be8 Bh4 64. Bc6 Bf2 65. Kd2 Bf1 66. Bb7 Bh3 0-1

[Event "Koblenz-ch"]
[Site "Koblenz"]
[Date "2004.10.05"]
[Round "3"]
[White "Bohn, Christiane"]
[Black "Kuberkiewicz, Frank"]
[Result "1/2-1/2"]
[WhiteElo "1672"]
[BlackElo "1448"]
[PlyCount "54"]
[EventDate "2004.09.21"]
[EventType "swiss"]
[EventRounds "7"]
[EventCountry "GER"]
[SourceTitle "EXT 2005"]
[Source "ChessBase"]
[SourceDate "2004.11.15"]
[SourceVersion "1"]
[SourceVersionDate "2004.11.15"]
[SourceQuality "1"]

1. d4 Nf6 2. c4 e6 3. Bg5 Be7 4. Nc3 d5 5. e3 0-0 6. Nf3 c6 7. Bd3 Nbd7 8. 0-0 dxc4 9. Bxc4 Nd5 10. Bxe7 Qxe7 11. Rc1 N7b6 12. Bd3 h6 13. a3 Nd7 14. b4 Nxc3 15. Rxc3 e5 16. dxe5 Nxe5 17. Nxe5 Qxe5 18. Rc5 Qf6 19. Bb1 Rd8 20. Qc2 g6 21. Qc3 Qxc3 22. Rxc3 Be6 23. Bc2 Rd2 24. h3 Rad8 25. Re1 Kg7 26. Kf1 R8d7 27. Bb3 Bxb3 1/2-1/2

[Event "Koblenz-ch"]
[Site "Koblenz"]
[Date "2004.09.21"]
[Round "1"]
[White "Raschke, Jochen"]
[Black "Kuberkiewicz, Frank"]
[Result "1/2-1/2"]
[WhiteElo "1874"]
[BlackElo "1448"]
[PlyCount "71"]
[EventDate "2004.09.21"]
[EventType "swiss"]
[EventRounds "7"]
[EventCountry "GER"]
[SourceTitle "EXT 2005"]
[Source "ChessBase"]
[SourceDate "2004.11.15"]
[SourceVersion "1"]
[SourceVersionDate "2004.11.15"]
[SourceQuality "1"]

1. d4 Nf6 2. c4 e6 3. Nc3 d5 4. Nf3 Bb4 5. e3 0-0 6. Bd3 b6 7. 0-0 Bb7 8. Bd2 Nbd7 9. Nxd5 Nxd5 10. cxd5 Bxd2 11. Nxd2 Bxd5 12. b3 f5 13. Bc4 c6 14. Bxd5 cxd5 15. Nf3 Rc8 16. Rc1 Qe7 17. Rc2 g5 18. g3 g4 19. Nh4 Nf6 20. Qb1 Rfd8 21. Rfc1 Rxc2 22. Rxc2 Kf7 23. Qc1 Rd7 24. Ng2 Ne8 25. Nf4 Rc7 26. Nd3 Rxc2 27. Qxc2 Kf6 28. Qc6 Nd6 29. Nf4 Kf7 30. h4 gxh3 31. Nxh3 Ne4 32. Nf4 Nf6 33. Nd3 Ng4 34. Nf4 Nf6 35. Kg2 Qd7 36. Qc1 1/2-1/2